Szczegóły MARC21

O poziomach rozumienia pojęć matematycznych : (na przykładzie pojęcia liczb bliźniaczych) /

003 -Nazwa inst., której nr kontr. jest w polu 001 [,]
    • @
    • Nazwa instytucji, której n kontrolny jest w polu 001
    • NUKAT
005 -DATA I CZAS OSTATNIEJ MODYFIKACJI [,]
    • @
    • pole kontrolne
    • 20241231103901.0
040 -Instytucja sporządzająca opis [ , ]
    • a
    • Instytucja, która sporządziła opis (NP)
    • GD U/TZ
    • c
    • Instytucja, która sporządziła rekord (NP)
    • GD U/TZ
    • d
    • Instytucja, która zmodyfikowała rekord (P)
    • GD U/AEKs
041 -Język dokumentu [0, ]
    • a
    • Język tekstu (P)
    • polski
    • b
    • Język streszczeń lub abstraktu (P)
    • angielski
    • b
    • Język streszczeń lub abstraktu (P)
    • niemiecki
942 -Rodzaj dokumentu [ , ]
    • c
    • Rodzaj dokumentu
    • Książka
100 -Hasło główne - nazwa osobowa [1, ]
    • a
    • Nazwa osobowa (NP)
    • Dyrszlag, Zygfryd.
    • 9
    • KHW
    • 404474
245 -Strefa tytułu i oznaczenia odpowiedzialności [1,0]
    • a
    • Tytuł
    • O poziomach rozumienia pojęć matematycznych : Find
    • b
    • Ciąg dalszy tytułu (NP)
    • (na przykładzie pojęcia liczb bliźniaczych) / Find
    • c
    • Pozostałe elementy strefy tytułu i oznaczenia odpowiedzialności (NP)
    • Zygfryd Dyrszlag.
260 -Strefa adresu wydawniczego [ , ]
    • a
    • Miejsce wydania (P)
    • Opole :
    • b
    • Nazwa wydawcy (P)
    • Wyższa Szkoła Pedagogiczna,
    • c
    • Data wydania (P)
    • 1972.
300 -Strefa opisu fizycznego [ , ]
    • a
    • Określenie formy książki i/lub objętość (NP)
    • 87 s. :
    • b
    • Oznaczenie ilustracji (NP)
    • il. ;
    • c
    • Format (NP)
    • 24 cm.
336 -Typ zawartości [ , ]
    • a
    • Termin opisujący typ zawartości
    • Tekst
    • b
    • Kod określający zawartość
    • txt
    • 2
    • Źródło (terminu i kodu)
    • rdacontent
337 -Typ mediów [ , ]
    • a
    • Tryb odtwarzania
    • Bez urządzenia pośredniczącego
    • b
    • Kod typu mediów
    • n
    • 2
    • Źródło (terminu i kodu)
    • rdamedia
338 -Typ/rodzaj nośnika [ , ]
    • a
    • Hasło opisujące typ nośnika
    • Wolumin
    • b
    • Kod typu nośnika
    • nc
    • 2
    • Źródło (terminu i kodu)
    • rdacarrier
490 -Strefa serii i książki wielotomowej - forma nie do wyszukiwania [1, ]
    • a
    • Tytuł (P)
    • Zeszyty Naukowe Wyższej Szkoły Pedagogicznej w Opolu. Seria B, Studia i Monografie ; Find
    • v
    • Numeracja (P)
    • nr 32
830 -Hasło dodatkowe serii i opisu książki wielotomowej - tytuł ujednolicony/tytuł [ ,0]
    • a
    • Tytuł ujednolicony/tytuł (NP)
    • Zeszyty Naukowe Wyższej Szkoły Pedagogicznej w Opolu.
    • n
    • Oznaczenie części/podserii/sekcji (P)
    • Seria B,
    • p
    • Nazwa części/podserii/sekcji (P)
    • Studia i Monografie
    • v
    • Oznaczenie tomu (NP)
    • nr 32
    • 9
    • KHW
    • 404466
504 -Uwaga dot. bibliogr. załącznikowej [ , ]
    • a
    • Uwaga dot. bibliografii załącznikowej
    • Bibliogr. s. 82-83.
546 -Uwaga dot. języka [ , ]
    • a
    • Uwaga dot. języka
    • Streszcz. niem., ang.
650 -Hasło przedmiotowe [ ,7]
    • a
    • Hasło przedmiotowe
    • Rozumienie.
    • 2
    • Źródło terminu
    • kaba
    • 9
    • KHW
    • 128355
650 -Hasło przedmiotowe [ ,7]
    • a
    • Hasło przedmiotowe
    • Matematyka
    • x
    • Określnik rzeczowy
    • studia i nauczanie.
    • 2
    • Źródło terminu
    • kaba
    • 9
    • KHW
    • 118590
931 -Powiązanie tyt. z wydaw. ciągłym [ , ]
    • a
    • Powiązanie tytułówki z wydaw. ciągłym
    • PATRZ WYDAWNICTWO CIĄGŁE
    • z
    • Numer rek. powiązanego
    • 197518